000 00309nam a2200133Ia 4500
100 _aGiles/ Evett
942 _cBK
654 _aFluid
245 _aFluid Mechanics and hydraulics:Schaums outline
260 _bTata Mc Graw hill
_aNew Delhi
_c2004
082 _a532
_bGIL
300 _a378
546 _aENGLISH
999 _c22459
_d22459